Statistics for NBA Players with the Most All-Star Selections

Click here to take the quiz!

General Stats

  • This quiz has been taken 35,830 times
    (10,404 since last reset)
  • The average score is 25 of 43

Answer Stats

#Player% Correct
20LeBron James
99%
14Michael Jordan
96%
18Kobe Bryant
93%
10Stephen Curry
92%
15Shaquille O'Neal
87%
14Kevin Durant
85%
19Kareem Abdul-Jabbar
84%
12Larry Bird
82%
12Magic Johnson
81%
14Jerry West
75%
13Wilt Chamberlain
75%
15Tim Duncan
74%
10James Harden
72%
14Dirk Nowitzki
69%
14Karl Malone
69%
12Moses Malone
68%
12Bill Russell
66%
13Dwyane Wade
66%
12Hakeem Olajuwon
66%
12Chris Paul
62%
10John Stockton
59%
15Kevin Garnett
59%
11Allen Iverson
58%
11Julius Erving
58%
11Charles Barkley
55%
10David Robinson
55%
12Isiah Thomas
51%
10Carmelo Anthony
49%
11Patrick Ewing
48%
10Paul Pierce
47%
11Chris Bosh
44%
10Ray Allen
44%
12Oscar Robertson
43%
13Bob Cousy
41%
10Jason Kidd
41%
10Clyde Drexler
37%
13John Havlicek
34%
11Elgin Baylor
31%
11Bob Pettit
30%
12Elvin Hayes
19%
12Dolph Schayes
13%
10Paul Arizin
13%
10Hal Greer
9%

Score Distribution

Percentile by Number Answered

Percent of People with Each Score

Your Score History

You have not taken this quiz since the last reset